Rejestracje samochodowe w Rumunii - Statystyki

Ogólne statystyki
  • Ten quiz został rozwiązany 5 razy
  • Średni wynik to 17 z 42
Statystyki odpowiedzi
Rejestrajca Region % Poprawnych
B Bukareszt
100%
AB Alba
50%
AR Arad
50%
AG Ardżesz
50%
BC Bacău
50%
BH Bihor
50%
BV Braszów
50%
BZ Buzău
50%
CS Caraș-Severin
50%
DJ Dolj
50%
GL Gałacz
50%
HD Hunedoara
50%
IF Ilfov
50%
IS Jassy
50%
CJ Kluż
50%
CT Konstanca
50%
MH Mehedinti
50%
NT Neamț
50%
PH Prahova
50%
SJ Salaj
50%
SM Satu Mare
50%
SV Suczawa
50%
SB Sybin
50%
VS Vaslui
50%
OT Aluta
25%
BN Bistrița-Năsăud
25%
BT Botoszany
25%
BR Braiła
25%
CL Călărași
25%
CV Covasna
25%
TR Teleorman
25%
DB Dymbowica
25%
GR Giurgiu
25%
GJ Gorj
25%
HR Harghita
25%
IL Jałomica
25%
MM Marmarosz
25%
MS Marusza
25%
TM Temesz
25%
TL Tulcza
25%
VL Valcea
25%
VN Vrancea
25%
Nie znaleziono quizów pasujących do podanych kryteriów
Rozkład punktacji
Procent ludzi z każdym wynikiem
Percentyl według liczby udzielonych odpowiedzi
Twoja historia wyników
Nie rozwiązałeś tego quizu